| 000 | 00536nam a2200193Ia 4500 | ||
|---|---|---|---|
| 999 |
_c22665 _d50663 |
||
| 005 | 20171221042841.0 | ||
| 020 | _a978-2-7076-1510-7 | ||
| 037 | _aBC_682 41 | ||
| 040 |
_aBC-ENSA _bfre |
||
| 041 | _afre | ||
| 100 | _aPICARD, Pierre | ||
| 245 |
_aEléments de microéconomie _n1 vol. _pthéorie et applications |
||
| 250 | _a7eme éd. | ||
| 260 |
_bMontchrestien _aParis _c2007 |
||
| 300 |
_bill. _a597 p. _c22 cm |
||
| 562 | _e 1 exemplaire(s) | ||
| 942 | _c09 | ||
| 653 | _aECONOMIE/MARCHE/CONCURRENCE PARFAITE/MONOPOLE | ||